=LDR 00000nam 2200000 4500 =001 INLIS000000000033568 =005 20130612135520 =008 ***********************************ind** =035 ##$$0010-061300000033568 =041 ##$$a ind =082 ##$$a 686-225 3 =090 ##$$a 686.225 3, Kar p =100 ##$$a KARYADI, Panca =245 ##$$a Pecetakan Tangan / Panca Karfyadi =260 ##$$a 2007 $b Jakarta =300 ##$$a iv, 42 hlm, ilus, 21 cm =650 ##$$a Percetakan - Tangan =850 ##$$a NBPNMAT